000 00334nam a2200109Ia 4500
008 220216s9999 xx 000 0 und d
100 _aPotti S N
245 0 _aAgronomical investigations in rubber. (New developments in rubber production and processing. 3)
260 _bRubber Board Bulletin
_c1982-83
300 _a9-Aug
942 _cJS
999 _c54012
_d54012